00267nam a2200121Ia 45000030006000000080041000060400015000471000012000622450033000742600009001075460012001160050017001280STCL150530s9999 xx 000 0 und d aSTCLcSTCL aWebster aWebster the Duchess of malfi c1985 aEnglish20220125171008.0